| 000 | 00822nas a2200277 4500 | ||
|---|---|---|---|
| 001 | BR0809896 | ||
| 003 | BR-BrBNA | ||
| 005 | 20231205112545.0 | ||
| 007 | ta | ||
| 008 | 230509b bl.|||p| |||| 00| 00por d | ||
| 040 |
_aBR-BrBNA _bpor _cBiblioteca Nacional de Agricultura |
||
| 041 | _a(Pt) | ||
| 072 | _aF02 | ||
| 100 | 1 | _aSantos, C.G. dos | |
| 100 | 1 | _aPaiva, R. | |
| 100 | 1 | _aPaiva, P.D. de O. | |
| 100 | 1 | _aPaiva, E. | |
| 245 | 1 | _aIndução e análise bioquímica de calos em segmentos foliares e nodais de Coffea canephora L. cv. Apoatã | |
| 650 | _aCAFÉ | ||
| 650 | _aCALO | ||
| 650 | _aCALOGENIO | ||
| 650 | _aCURVA DE CRESCIMENTO | ||
| 773 | 0 |
_tMagistra (Brazil) _xISSN 0102-5333 _g(Jan-Mar 2008), v. 20(1) p. 22-29 _wBR0809896 |
|
| 909 |
_a202311 _bLúcia _c55 _dLúcia Elande |
||
| 942 |
_2AGRIS _n0 _cANA |
||
| 999 |
_c198657 _d198657 |
||